000 00402nam a2200157Ia 4500
003 OSt
005 20230602101019.0
008 211028s2012 xx 000 0 und d
040 _cAIMIT LIBRARY
041 _aeng
100 _aDeekshitha, B K; Prabhu, Aravind.
_98346
_e101910
110 _aAravind Prabhu
_98347
245 _aServer request portal.
260 _aMangalore
_c2012
942 _2ddc
_cPRO
999 _c219842
_d219842